Statistics for Bands A-Z

Click here to take the quiz!

General Stats

  • This quiz has been taken 45 times
  • The average score is 14 of 26

Answer Stats

LetterOne of Their SongsBand% Correct
QBohemian RhapsodyQueen
95%
OWonderwallOasis
93%
PEvery Breath You TakeThe Police
93%
LStairway to HeavenLed Zeppelin
88%
UWith or Without YouU2
86%
ABack in BlackAC/DC
79%
JDon't Stop Believin'Journey
74%
DLight My FireThe Doors
74%
KYou Really Got MeThe Kinks
72%
VJumpVan Halen
72%
ZTushZZ Top
65%
SBlack Hole SunSoundgarden
63%
MAce of SpadesMotorhead
60%
YOwner of a Lonely HeartYes
60%
RKilling in the NameRage Against the Machine
44%
NBye Bye ByeNSYNC
42%
CSurrenderCheap Trick
35%
EThunder RoadThe E Street Band
30%
BIntergalacticBeastie Boys
28%
XSenses Working OvertimeXTC
28%
IHallowed Be Thy NameIron Maiden
23%
FSugar, We're Goin DownFall Out Boy
21%
HThe ReasonHoobastank
19%
WWhy Can't We Be FriendsWar
19%
GI Know What I LikeGenesis
14%
THot LoveT. Rex
14%

Score Distribution

Percentile by Number Answered

Percent of People with Each Score

Your Score History

You have not taken this quiz